Statistiques concernant Les villes iséroises avec un club de Basket

Cliquez ici pour prendre le quiz!

Statistiques générales

  • Ce quiz a été pris 19 fois
  • Le résultat moyen est 14 sur 72

Statistiques - réponses

Initial clubVille% Correct
GB38Grenoble
100%
PVBCVoiron
80%
ALVBVoiron
80%
ALEEchirolles
60%
BCTMMeylan
60%
SMHSaint-Martin-d'Hères
60%
BCPIBourgoin-Jallieu
53%
TMBLa Tronche
47%
USSESaint-Egrève
47%
BBCEPEybens
40%
ISPBPont-de-Beauvoisin
40%
TFBApprieu
33%
GBCCrolles
33%
ABCArtas
27%
SCGGières
27%
BCLALes Abrets
27%
BSMSaint-Marcellin
27%
USSSassenage
27%
USNVSeyssinet-Pariset
27%
VBCVoreppe
27%
ASBBIRBeaucroissant
20%
USBBBeaurepaire
20%
BCBMBeauvoir-de-Marc
20%
ASFFontaine
20%
ASLVLe Versoud
20%
SOPCCCBPont-de-Cheruy
20%
DCBSaint-Etienne-de-Crossey
20%
ASGESaint-Georges-d'Esperanche
20%
USPBSaint-Pierre-de-Bressieux
20%
VSVSaint-Victor-de-Cessieu
20%
ASCBCessieu
13%
BCCEChatonnay
13%
ABCCCorbelin
13%
BCFDDolomieu
13%
ABCDDomène
13%
CBCEntre-deux-Guiers
13%
BGGGoncelin
13%
BCMPMarcilloles
13%
ASOBOyeu
13%
BCRMRuy
13%
ASSABSaint-André-Le-Gaz
13%
BCBSaint-Blaise-du-Buis
13%
USVSaint-Geoire-en-Valdaine
13%
ASTFTullins
13%
RBVizille
13%
BPAAllevard
7%
UBAAAoste
7%
AVTBAvenières
7%
ABCChampier
7%
BCLCharavines
7%
JSCCremieu
7%
BCEPEyzin-Pinet
7%
ESFCFrontonas
7%
BCNNivolas-Vermelle
7%
BCSCSGSaint-Clair-sur-Galaure
7%
BVTSaint-Jean-de-Soudain
7%
ASELSaint-Martin-d'Uriage
7%
B2ABourg-d'Oisans
0%
BC2PBouvesse-Quirieu
0%
GSCRChasse-Sur-Rhône
0%
BCDDiemoz
0%
BEPEEstrablin
0%
FBCFour
0%
CSJJarcieu
0%
UJBMMMonsteroux
0%
ASRRoches-de-Condrieu
0%
BCACCSaint-Agnin-sur-Bion
0%
ABHSaint-Hilaire-du-Rosier
0%
ABDSaint-Quentin-Fallavier
0%
RCBSalaise-sur-Sanne
0%
BCSOSeptème
0%
BNISermérieu
0%

Distribution des résultats

Percentile par nombre de réponses

% des personnes avec chaque résultat

Votre développement - résultats

Vous n’avez pas pris ce quiz